000 00442nam a2200133Ia 4500
008 100328s9999 xx 000 0 und d
082 _b63579
100 _aभोसले राजन.
245 _aअथातो कामजिज्ञासा.
260 _bमनोविकास.
630 _aअथातो कामजिज्ञासा.
730 _aअथातो कामजिज्ञासा.
942 _cBOOK
999 _c549450
_d549447